Statistics for İlk ve Son İki Harfine Göre Ülkeler

Click here to take the quiz!

General Stats

  • This quiz has been taken 6 093 times
  • The average score is 124 of 392

Answers on the Map

Answers color-coded by a green-red scale on the quiz's map according to % correct below.
 

Answer Stats

Ülke% Correct
Yeşil Burun Adaları
87%
Belçika
82%
Danimarka
82%
Dominika
82%
Güney Afrika
82%
Jamaika
82%
Kamboçya
82%
Kamerun
82%
Kanada
82%
Karadağ
82%
Katar
82%
Kazakistan
82%
Kosta Rika
82%
Meksika
82%
Sri Lanka
82%
Amerika Birleşik Devletleri
79%
Tunus
75%
Türkiye
75%
Türkmenistan
75%
Tuvalu
75%
Vanuatu
75%
Surinam
74%
Vietnam
74%
Nauru
69%
Peru
69%
Ruanda
69%
Rusya
69%
Myanmar
68%
Kuzey Makedonya
52%
Afganistan
51%
Amerika Birleşik Devletleri
51%
Andorra
51%
Angola
51%
Antigua ve Barbuda
51%
Azerbaycan
51%
Bhutan
51%
Bulgaristan
51%
Cibuti
51%
Çin
51%
Danimarka
51%
Ermenistan
51%
Grenada
51%
Güney Sudan
51%
Gürcistan
51%
Hindistan
51%
Hırvatistan
51%
Hollanda
51%
İran
51%
İrlanda
51%
İzlanda
51%
Kanada
51%
Kazakistan
51%
Kırgzistan
51%
Lübnan
51%
Macaristan
51%
Mikronezya Federal Devletleri
51%
Moğolistan
51%
Özbekistan
51%
Pakistan
51%
Ruanda
51%
Sırbistan
51%
Sudan
51%
Suudi Arabistan
51%
Tacikistan
51%
Tayvan
51%
Türkmenistan
51%
Uganda
51%
Umman
51%
Vatikan
51%
Yeni Zelanda
51%
Yunanistan
51%
Almanya
49%
Nepal
49%
Senegal
49%
Almanya
47%
Avustralya
47%
Avusturya
47%
Bolivya
47%
Brezilya
47%
Endonezya
47%
Estonya
47%
Etiyopya
47%
Finlandiya
47%
Gambiya
47%
İspanya
47%
İtalya
47%
Japonya
47%
Kamboçya
47%
Kenya
47%
Kolombiya
47%
Kuzey Makedonya
47%
Letonya
47%
Liberya
47%
Libya
47%
Litvanya
47%
Malezya
47%
Moritanya
47%
Namibya
47%
Nijerya
47%
Polonya
47%
Romanya
47%
Rusya
47%
Slovakya
47%
Slovenya
47%
Tanzanya
47%
Zambiya
47%
Arjantin
46%
Arnavutluk
46%
Bahamalar
46%
İspanya
46%
İsrail
46%
İsveç
46%
İsviçre
46%
Katar
46%
Kıbrıs
46%
Komorlar
46%
Madagaskar
46%
Saint Kitts ve Nevis
46%
Brezilya
44%
Brunei
44%
Cezayir
44%
Irak
44%
İran
44%
İrlanda
44%
Mısır
44%
Suriye
44%
Türkiye
44%
Yemen
44%
Yeni Zelanda
44%
Macaristan
43%
Madagaskar
43%
Malavi
43%
Maldivler
43%
Malezya
43%
Mali
43%
Malta
43%
Marshall Adaları
43%
Mauritius
43%
Meksika
43%
Panama
43%
Fransa
40%
Fildişi Sahili
39%
Liberya
39%
Libya
39%
Lihtenştayn
39%
Litvanya
39%
Mali
39%
Şili
39%
Somali
39%
Arjantin
38%
Benin
38%
Çin
38%
Avustralya
36%
Avusturya
36%
Ekvator Ginesi
36%
Sierra Leone
36%
Şili
36%
Singapur
36%
Sırbistan
36%
Sudan
36%
Surinam
36%
Suriye
36%
Suudi Arabistan
36%
Hindistan
35%
Hırvatistan
35%
Demokratik Kongo Cumhuriyeti
34%
Eritre
34%
Ermenistan
34%
Filipinler
34%
Maldivler
34%
Nijer
34%
Pakistan
34%
Palau
34%
Panama
34%
Papua Yeni Gine
34%
Paraguay
34%
Saint Vincent ve
Grenadinler
34%
Seyşeller
34%
Moğolistan
32%
Moldova
32%
Monako
32%
Moritanya
32%
Mozambik
32%
Polonya
31%
Portekiz
31%
Saint Kitts ve Nevis
31%
Saint Lucia
31%
Saint Vincent ve
Grenadinler
31%
Yeşil Burun Adaları
31%
Fransa
30%
Mikronezya Federal Devletleri
30%
Samoa
30%
San Marino
30%
São Tomé ve Príncipe
30%
Kolombiya
29%
Komorlar
29%
Kongo Cumhuriyeti
29%
Kosova
29%
Kosta Rika
29%
Monako
29%
Botsvana
28%
Gana
28%
Guatemala
28%
Güney Afrika
28%
Güney Kore
28%
Güney Sudan
28%
Gürcistan
28%
Guyana
28%
Jamaika
28%
Japonya
28%
Mısır
28%
Namibya
28%
Nauru
28%
Ukrayna
28%
Malta
27%
Tacikistan
27%
Tanzanya
27%
Tayland
27%
Tayvan
27%
Çek Cumhuriyeti
26%
Cezayir
26%
Belarus
25%
Belçika
25%
Belize
25%
Benin
25%
Birleşik Arap Emirlikleri
25%
Birleşik Krallık
25%
Fiji
24%
Fildişi Sahili
24%
Filipinler
24%
Finlandiya
24%
Norveç
24%
San Marino
24%
Arnavutluk
23%
Birleşik Arap Emirlikleri
23%
İtalya
23%
Marshall Adaları
23%
Solomon Adaları
23%
Ukrayna
23%
Afganistan
21%
Angola
21%
Guatemala
21%
İzlanda
21%
Laos
21%
Portekiz
21%
Venezuela
21%
Bahamalar
20%
Bahreyn
20%
Bangladeş
20%
Barbados
20%
Esvatini
20%
Kıbrıs
20%
Kırgızistan
20%
Kiribati
20%
Küba
20%
Fas
19%
Küba
19%
Kuveyt
19%
Kuzey Kore
19%
Birleşik Krallık
18%
Çad
18%
Endonezya
18%
Fas
18%
Honduras
18%
Mozambik
18%
Yemen
18%
Irak
17%
Myanmar
17%
Andorra
16%
Eritre
16%
Güney Kore
16%
İsviçre
16%
Kongo Cumhuriyeti
16%
Kuzey Kore
16%
Nijer
16%
Nijerya
16%
Nikaragua
16%
Peru
16%
São Tomé ve Príncipe
16%
Singapur
16%
Ürdün
16%
Uruguay
16%
Yunanistan
16%
Azerbaycan
15%
Bolivya
15%
Bosna-Hersek
15%
Botsvana
15%
Çad
15%
Bulgaristan
14%
Burkina Faso
14%
Burundi
14%
Gine
14%
Nepal
14%
Papua Yeni Gine
14%
Sierra Leone
14%
Venezuela
14%
Zimbabve
14%
Hollanda
13%
Honduras
13%
İsveç
13%
Lesotho
13%
Letonya
13%
Norveç
13%
Bangladeş
12%
Belarus
12%
Çek Cumhuriyeti
12%
Cibuti
12%
Demokratik Kongo Cumhuriyeti
12%
Dominik Cumhuriyeti
12%
Estonya
12%
Esvatini
12%
Gabon
12%
Gambiya
12%
Gana
12%
Haiti
12%
Kenya
12%
Kiribati
12%
Mauritius
12%
Orta Afrika Cumhuriyeti
12%
Paraguay
12%
Romanya
12%
Tonga
12%
Tunus
12%
Uruguay
12%
Özbekistan
11%
Burkina Faso
10%
Haiti
10%
Solomon Adaları
10%
Somali
10%
Bosna-Hersek
9%
Ekvador
9%
Ekvator Ginesi
9%
Senegal
9%
Seyşeller
9%
Etiyopya
8%
Kosova
8%
Lübnan
8%
Lüksemburg
8%
Moldova
8%
Trinidad ve Tobago
8%
Tuvalu
8%
Vanuatu
8%
Vatikan
8%
Zambiya
8%
Doğu Timor
7%
Dominika
7%
Dominik Cumhuriyeti
7%
Ekvador
7%
El Salvador
7%
Gine
7%
Gine-Bissau
7%
Orta Afrika Cumhuriyeti
7%
Saint Lucia
7%
Umman
7%
Grenada
6%
Nikaragua
6%
Slovakya
6%
Slovenya
6%
Tayland
6%
Belize
5%
El Salvador
5%
Gine-Bissau
5%
Karadağ
5%
Malavi
5%
Palau
5%
Togo
5%
Tonga
5%
Trinidad ve Tobago
5%
Vietnam
5%
İsrail
4%
Kamerun
4%
Ürdün
4%
Zimbabve
4%
Barbados
3%
Burundi
3%
Gabon
3%
Laos
3%
Samoa
3%
Sri Lanka
3%
Uganda
3%
Bahreyn
2%
Brunei
2%
Fiji
2%
Lihtenştayn
2%
Bhutan
1%
Kuveyt
1%
Lüksemburg
1%

Score Distribution

Percentile by Number Answered

Percent of People with Each Score

Your Score History

You have not taken this quiz